Coupe du Monde 2022 - Liste Pologne - Statistiques

Statistiques générales
  • Ce quiz a été pris 159 fois
  • Le résultat moyen est 9 sur 27
Statistiques - réponses
Position Team Réponse % Correct
A FC Barcelone Robert Lewandowski
95%
A Juventus Arkadiusz Milik
76%
D Aston Villa Matty Cash
68%
G Juventus Wojciech Szczęsny
68%
M SSC Naples Piotr Zieliński
66%
M RC Lens Przemysław Frankowski
64%
D Benevento Kamil Glik
50%
D Aston Villa Jan Bednarek
40%
A Salernitana Krzysztof Piątek
38%
G Bologne Łukasz Skorupski
38%
D AS Rome Nicola Zalewski
36%
M Al-Shabab Rijad Grzegorz Krychowiak
33%
G La Spezia Bartłomiej Drągowski
31%
M AEK Athènes Damian Szymański
26%
M Feyenoord Rotterdam Sebastian Szymański
26%
A Charlotte FC Karol Świderski
24%
D Sampdoria Bartosz Bereszyński
23%
M Pogoń Szczecin Kamil Grosicki
23%
M Wolfsburg Jakub Kamiński
20%
D Clermont Mateusz Wieteska
18%
D La Spezia Jakub Kiwior
15%
M Fiorentina Szymon Żurkowski
15%
Coach Czesław Michniewicz
13%
M Birmingham City Krystian Bielik
11%
D Legia Varsovie Artur Jędrzejczyk
9%
M Lech Poznań Michał Skóraś
9%
D Augsbourg Robert Gumny
9%
Aucun quiz correspondant
Distribution des résultats
% des personnes avec chaque résultat
Percentile par nombre de réponses
Votre historique - résultats
Vous n’avez pas pris ce quiz